[Event "Zagreb Damjanovic Memorial 3rd"]
[Site "Zagreb"]
[Date "2019.11.09"]
[Round "1"]
[White "Pandurevic, Miro"]
[Black "Blazeka, Djuro"]
[Result "1-0"]
[WhiteElo "2186"]
[BlackElo "1837"]
[PlyCount "81"]
[EventDate "2019.11.09"]
[EventType "swiss"]
[EventRounds "9"]
[EventCountry "CRO"]
[SourceTitle "CBM 193 Extra"]
[Source "ChessBase"]
[SourceDate "2020.01.31"]
[SourceVersion "1"]
[SourceVersionDate "2020.01.31"]
[SourceQuality "1"]

1. b4 e5 2. Bb2 f6 3. a3 d5 4. e3 Bf5 5. Nf3 Nd7 6. c4 dxc4 7. Bxc4 Nb6 8. Be2 Bd6 9. d4 exd4 10. Nxd4 Ne7 11. Nxf5 Nxf5 12. Bh5+ g6 13. Bg4 Be5 14. Qc2 Bxb2 15. Qxb2 Nc4 16. Qc2 Qd5 17. 0-0 Nh4 18. e4 Qg5 19. h3 h5 20. Qxc4 hxg4 21. Qe6+ Kf8 22. Qxg4 Qxg4 23. hxg4 Re8 24. Nc3 Re5 25. f4 Re7 26. g3 Reh7 27. Rad1 Ke7 28. Nd5+ Ke6 29. gxh4 Rxh4 30. Nxc7+ Ke7 31. Nd5+ Ke6 32. Ne3 Rh1+ 33. Kf2 R1h2+ 34. Ke1 Ra2 35. Rd2 Rxa3 36. f5+ gxf5 37. gxf5+ Kf7 38. Ng4 Ke7 39. Ke2 Rh4 40. Rf4 Ra4 41. Rd7+ 1-0

[Event "Zalakaros op 37th"]
[Site "Zalakaros"]
[Date "2018.05.25"]
[Round "1"]
[White "Marosi, Levente"]
[Black "Blazeka, Djuro"]
[Result "1-0"]
[WhiteElo "2277"]
[BlackElo "1874"]
[PlyCount "51"]
[EventDate "2018.05.25"]
[EventType "swiss"]
[EventRounds "9"]
[EventCountry "HUN"]
[SourceTitle "EXT 2019"]
[Source "ChessBase"]
[SourceDate "2018.10.10"]
[SourceVersion "1"]
[SourceVersionDate "2018.10.10"]
[SourceQuality "1"]

1. e4 e5 2. Nf3 Nc6 3. Nc3 Nf6 4. Be2 d5 5. exd5 Nxd5 6. 0-0 Be7 7. Bb5 Nxc3 8. bxc3 f6 9. d4 exd4 10. Nxd4 Bd7 11. Nxc6 Bxc6 12. Qh5+ g6 13. Bxc6+ bxc6 14. Qe2 0-0 15. Qe6+ Kg7 16. Qxc6 Qd6 17. Qf3 f5 18. Bf4 Qc5 19. Rad1 Rad8 20. Be3 Qa5 21. Qh3 h5 22. Rxd8 Rxd8 23. Bd4+ Kf7 24. Qe3 Bf6 25. Re1 Qa3 26. Qe6+ 1-0

[Event "Bjelovar op"]
[Site "Bjelovar"]
[Date "2017.08.05"]
[Round "6"]
[White "Blazeka, Djuro"]
[Black "Blazeka, Mihaela"]
[Result "0-1"]
[WhiteElo "1892"]
[BlackElo "2101"]
[PlyCount "84"]
[EventDate "2017.08.03"]
[EventType "swiss"]
[EventRounds "7"]
[EventCountry "CRO"]
[SourceTitle "CBM 180 Extra"]
[Source "ChessBase"]
[SourceDate "2017.10.06"]
[SourceVersion "1"]
[SourceVersionDate "2017.10.06"]
[SourceQuality "1"]

1. e4 e5 2. Nf3 Nc6 3. Nc3 Nf6 4. d4 exd4 5. Nxd4 Bb4 6. Nxc6 bxc6 7. Bd3 d5 8. exd5 cxd5 9. Bb5+ Bd7 10. Qe2+ Be7 11. Bxd7+ Qxd7 12. 0-0 0-0 13. Rd1 c6 14. Ne4 Rfe8 15. Nxf6+ Bxf6 16. Qd3 c5 17. c3 Rad8 18. f3 Qc7 19. Be3 d4 20. cxd4 Bxd4 21. Bxd4 Rxd4 22. Qb5 Qe5 23. Rxd4 Qxd4+ 24. Kh1 Rd8 25. a4 g6 26. a5 Qd1+ 27. Qf1 Qxf1+ 28. Rxf1 Rb8 29. Rf2 Rb5 30. f4 Rxa5 31. h4 Kg7 32. f5 f6 33. fxg6 hxg6 34. Rf3 Ra4 35. g3 Rb4 36. b3 f5 37. Rc3 Rb5 38. Kg2 Kf6 39. h5 gxh5 40. Kh3 Kg5 41. Rc4 Rxb3 42. Rxc5 h4 0-1

[Event "Velika Gorica op 12th"]
[Site "Velika Gorica"]
[Date "2014.08.27"]
[Round "8"]
[White "Blazeka, Djuro"]
[Black "Lasic, Luka"]
[Result "0-1"]
[WhiteElo "1844"]
[BlackElo "2225"]
[PlyCount "100"]
[EventDate "2014.08.18"]
[EventType "swiss"]
[EventRounds "9"]
[EventCountry "CRO"]
[SourceTitle "EXT 2015"]
[Source "ChessBase"]
[SourceDate "2014.11.20"]
[SourceVersion "1"]
[SourceVersionDate "2014.11.20"]
[SourceQuality "1"]

1. e4 g6 2. d4 Bg7 3. Nf3 d6 4. Nc3 c6 5. Be2 Nf6 6. 0-0 0-0 7. a4 a5 8. h3 Nbd7 9. Be3 Qc7 10. Qd2 Re8 11. Bh6 Bh8 12. Nh2 c5 13. Be3 cxd4 14. Bxd4 b6 15. Ng4 Bb7 16. Nxf6+ Bxf6 17. Bxf6 Nxf6 18. Nd5 Qc5 19. Nxf6+ exf6 20. Rfd1 Rad8 21. Qd4 Bxe4 22. Qxc5 dxc5 23. Rxd8 Rxd8 24. Rd1 Rxd1+ 25. Bxd1 Kf8 26. f3 Bc6 27. b3 Ke7 28. Kf2 Kd6 29. Ke3 g5 30. g3 Bd7 31. h4 h6 32. f4 Bf5 33. c4 Bb1 34. Kf3 Ke6 35. Kg4 Bg6 36. f5+ Bxf5+ 37. Kh5 gxh4 38. gxh4 Ke7 39. Kxh6 Kf8 40. Kh5 Kg7 41. b4 axb4 42. Bb3 Bb1 43. Kg4 Kg6 44. h5+ Kh6 45. Kh4 f5 46. Kg3 Kxh5 47. Kf4 f6 48. Kf3 Kg5 49. Kf2 Kf4 50. Kg1 Ke3 0-1

[Event "CRO-chT4 Center-A"]
[Site "Zagreb"]
[Date "2011.10.02"]
[Round "7.42"]
[White "Mrnjec, Antun"]
[Black "Blazeka, Djuro"]
[Result "0-1"]
[WhiteElo "2061"]
[BlackElo "1894"]
[PlyCount "76"]
[EventDate "2011.03.13"]
[EventType "team-tourn"]
[EventRounds "7"]
[EventCountry "CRO"]
[SourceTitle "EXT 2014"]
[Source "ChessBase"]
[SourceDate "2013.11.20"]
[SourceVersion "1"]
[SourceVersionDate "2013.11.20"]
[SourceQuality "1"]

1. d4 d5 2. Nf3 Nf6 3. Nc3 c5 4. Bf4 e6 5. a3 Bd6 6. Bxd6 Qxd6 7. e3 0-0 8. Nb5 Qb6 9. dxc5 Qxc5 10. b4 Qb6 11. Qd4 Qxd4 12. exd4 Nc6 13. Bd3 a6 14. Nc7 Ra7 15. b5 axb5 16. Nxb5 Ra5 17. Nd2 Nb4 18. Nd6 Nxd3+ 19. cxd3 Rd8 20. Nxc8 Rxc8 21. Ke2 Rc3 22. a4 Nd7 23. Rhb1 b6 24. Ke3 Kf8 25. Nb3 Ra6 26. Kd2 Rc7 27. Rb2 Ke7 28. a5 bxa5 29. Nxa5 Kf6 30. Rba2 Rca7 31. Kc2 Kf5 32. Kb2 Nf6 33. h3 g5 34. Nb3 Rxa2+ 35. Rxa2 Rxa2+ 36. Kxa2 g4 37. h4 g3 38. f3 Kf4 0-1

[Event "CRO-chT4A Center"]
[Site "Zagreb"]
[Date "2010.11.14"]
[Round "11.55"]
[White "Cupic, Lovro"]
[Black "Blazeka, Djuro"]
[Result "1-0"]
[WhiteElo "1991"]
[BlackElo "1930"]
[PlyCount "79"]
[EventDate "2010.03.21"]
[EventType "team-tourn"]
[EventRounds "11"]
[EventCountry "CRO"]
[SourceTitle "EXT 2012"]
[Source "ChessBase"]
[SourceDate "2011.11.24"]
[SourceVersion "1"]
[SourceVersionDate "2011.11.24"]
[SourceQuality "1"]

1. e4 e5 2. Bc4 Nc6 3. c3 Nf6 4. d4 exd4 5. cxd4 Bb4+ 6. Kf1 d5 7. exd5 Nxd5 8. Nc3 Be6 9. Bxd5 Bxd5 10. Qe2+ Kf8 11. Be3 Bxc3 12. bxc3 Na5 13. Qb2 Nc4 14. Qb4+ Qe7 15. Qxe7+ Kxe7 16. Nf3 Bxf3 17. gxf3 Nxe3+ 18. fxe3 Kd6 19. e4 c5 20. Ke2 cxd4 21. cxd4 Rac8 22. Rac1 f6 23. Ke3 Rhd8 24. d5 Rxc1 25. Rxc1 Re8 26. Kd4 g5 27. h4 gxh4 28. Rh1 Re7 29. Rxh4 Rg7 30. f4 b6 31. e5+ fxe5+ 32. fxe5+ Kd7 33. Ke4 Ke7 34. d6+ Kd7 35. Kd5 Kd8 36. Kc6 Kc8 37. e6 Kd8 38. e7+ Ke8 39. d7+ Kxe7 40. Re4+ 1-0

[Event "CRO-chT4A Center"]
[Site "Zagreb"]
[Date "2010.11.07"]
[Round "10.35"]
[White "Blazeka, Djuro"]
[Black "Mesar, Darko"]
[Result "1-0"]
[WhiteElo "1930"]
[BlackElo "1980"]
[PlyCount "173"]
[EventDate "2010.03.21"]
[EventType "team-tourn"]
[EventRounds "11"]
[EventCountry "CRO"]
[SourceTitle "EXT 2012"]
[Source "ChessBase"]
[SourceDate "2011.11.24"]
[SourceVersion "1"]
[SourceVersionDate "2011.11.24"]
[SourceQuality "1"]

1. e4 c5 2. Nf3 d6 3. d4 cxd4 4. Nxd4 Nf6 5. Nc3 g6 6. Be2 Bg7 7. 0-0 0-0 8. Be3 Nc6 9. Nb3 Bd7 10. f4 Rc8 11. h3 b6 12. Qd2 Qe8 13. a4 Nb4 14. a5 Qd8 15. axb6 axb6 16. e5 Ne8 17. Bd4 Bf5 18. exd6 Qxd6 19. Bxg7 Qxd2 20. Nxd2 Nxg7 21. Ra7 e6 22. Nc4 Nd5 23. Nxd5 exd5 24. Nxb6 Rxc2 25. Bf3 d4 26. Nd7 Rd8 27. Nf6+ Kh8 28. Rxf7 d3 29. Re1 Rxb2 30. Ree7 Rb6 31. g4 Rxf6 32. Rxf6 d2 33. gxf5 Nxf5 34. Ra7 d1Q+ 35. Bxd1 Rxd1+ 36. Kf2 Kg8 37. Rb6 Rd2+ 38. Kf1 Rd8 39. Rba6 Rd4 40. Ra4 Rd3 41. Ra8+ Kg7 42. R4a7+ Kh6 43. Rh8 Ng7 44. Kg2 Rb3 45. Rc8 Nh5 46. Ra4 Rg3+ 47. Kh2 Rf3 48. Rcc4 Rf2+ 49. Kg1 Rf3 50. h4 Rg3+ 51. Kf2 Rg4 52. f5 Rxc4 53. Rxc4 gxf5 54. Kf3 Kg6 55. Rc6+ Kg7 56. Ke3 h6 57. Kd4 Ng3 58. Ke5 h5 59. Kf4 Ne2+ 60. Kg5 Ng3 61. Rc7+ Kg8 62. Ra7 Kf8 63. Kf4 Ne2+ 64. Kxf5 Ng3+ 65. Kg5 Kg8 66. Ra3 Ne4+ 67. Kxh5 Kg7 68. Ra6 Nf6+ 69. Kg5 Ne4+ 70. Kf5 Ng3+ 71. Kg4 Ne4 72. h5 Nf6+ 73. Kh4 Nh7 74. h6+ Kf7 75. Kg4 Nf8 76. Kf5 Kg8 77. Ra8 Kf7 78. Ra7+ Kg8 79. Rg7+ Kh8 80. Kf6 Nh7+ 81. Kf7 Nf6 82. Rg1 Nd7 83. Kg6 Nf8+ 84. Kh5 Nh7 85. Rf1 Kg8 86. Kg6 Kh8 87. Rf7 1-0

[Event "CRO-chT4A Center"]
[Site "Zagreb"]
[Date "2010.10.10"]
[Round "7.35"]
[White "Mitrovic, Dragan"]
[Black "Blazeka, Djuro"]
[Result "1/2-1/2"]
[WhiteElo "1945"]
[BlackElo "1930"]
[PlyCount "105"]
[EventDate "2010.03.21"]
[EventType "team-tourn"]
[EventRounds "11"]
[EventCountry "CRO"]
[SourceTitle "EXT 2012"]
[Source "ChessBase"]
[SourceDate "2011.11.24"]
[SourceVersion "1"]
[SourceVersionDate "2011.11.24"]
[SourceQuality "1"]

1. e4 e5 2. Nf3 Nc6 3. Bb5 a6 4. Ba4 Nf6 5. 0-0 Be7 6. Re1 b5 7. Bb3 d6 8. h3 Na5 9. c3 Nxb3 10. Qxb3 Be6 11. Qd1 0-0 12. d4 exd4 13. cxd4 d5 14. e5 Ne4 15. Nbd2 Bf5 16. Nxe4 dxe4 17. Nh2 Qd5 18. Be3 Rfd8 19. Qc2 c5 20. dxc5 Qxe5 21. Rad1 Rd3 22. Nf1 Rc8 23. Ng3 h6 24. Nxf5 Qxf5 25. b4 Qd5 26. a4 Bf6 27. axb5 axb5 28. Rc1 Bc3 29. Qxc3 Rxc3 30. Rxc3 f5 31. h4 Qe5 32. Rec1 f4 33. Bd2 Rd8 34. c6 Qc7 35. R1c2 g5 36. hxg5 hxg5 37. Rc5 e3 38. Rxg5+ Kh7 39. fxe3 fxe3 40. Bxe3 Rd1+ 41. Kf2 Qf7+ 42. Kg3 Rd3 43. Re2 Qc7+ 44. Kf2 Qxc6 45. g3 Qf6+ 46. Bf4 Qd4+ 47. Kg2 Qxb4 48. Ree5 Rd7 49. Kh3 Rd4 50. Rxb5 Rxf4 51. gxf4 Qxf4 52. Rh5+ Kg6 53. Rbg5+ 1/2-1/2

[Event "CRO-chT4A Center"]
[Site "Zagreb"]
[Date "2010.03.21"]
[Round "1.24"]
[White "Marevic, Alen"]
[Black "Blazeka, Djuro"]
[Result "1/2-1/2"]
[WhiteElo "2011"]
[BlackElo "1930"]
[PlyCount "64"]
[EventDate "2010.03.21"]
[EventType "team-tourn"]
[EventRounds "11"]
[EventCountry "CRO"]
[SourceTitle "EXT 2012"]
[Source "ChessBase"]
[SourceDate "2011.11.24"]
[SourceVersion "1"]
[SourceVersionDate "2011.11.24"]
[SourceQuality "1"]

1. d4 d5 2. c4 e6 3. g3 dxc4 4. Bg2 Nf6 5. Nf3 a6 6. 0-0 Be7 7. Ne5 Ra7 8. Nxc4 0-0 9. Nc3 b6 10. Ne5 Bb7 11. b3 Bxg2 12. Kxg2 Nbd7 13. Nf3 c5 14. d5 Nxd5 15. Nxd5 exd5 16. Qxd5 Nf6 17. Qd1 Rd7 18. Qc2 Qa8 19. Bb2 Rfd8 20. Rad1 Qe4 21. Qxe4 Nxe4 22. Rxd7 Rxd7 23. Rc1 Bf6 24. Bxf6 gxf6 25. Kf1 Nd2+ 26. Ke1 Nxf3+ 27. exf3 Kf8 28. Rc4 Rd5 29. Re4 Re5 30. Kd2 Ke7 31. Rg4 Rg5 32. Re4+ Re5 1/2-1/2

[Event "Paracin op"]
[Site "Paracin"]
[Date "2009.08.25"]
[Round "8"]
[White "Blazeka, Djuro"]
[Black "Nesic, Nebojsa"]
[Result "0-1"]
[WhiteElo "1928"]
[BlackElo "2127"]
[PlyCount "38"]
[EventDate "2009.08.19"]
[EventType "swiss"]
[EventRounds "9"]
[EventCountry "YUG"]
[SourceTitle "CBM 132 Extra"]
[Source "ChessBase"]
[SourceDate "2009.11.03"]
[SourceVersion "1"]
[SourceVersionDate "2009.11.03"]
[SourceQuality "1"]

1. e4 e6 2. d4 d5 3. Bd3 dxe4 4. Bxe4 Nf6 5. Bf3 c5 6. Ne2 Nc6 7. Bxc6+ bxc6 8. 0-0 Ba6 9. c3 Bd6 10. Re1 0-0 11. Nd2 cxd4 12. Nxd4 c5 13. N4b3 Qc7 14. h3 Rad8 15. Kh1 Bf4 16. g3 Bb7+ 17. Kh2 Rd3 18. Rg1 Qe5 19. gxf4 Qxf4+ 0-1

[Event "Paracin op"]
[Site "Paracin"]
[Date "2009.08.24"]
[Round "7"]
[White "Rajcevic, Stevan"]
[Black "Blazeka, Djuro"]
[Result "1-0"]
[WhiteElo "2146"]
[BlackElo "1928"]
[PlyCount "113"]
[EventDate "2009.08.19"]
[EventType "swiss"]
[EventRounds "9"]
[EventCountry "YUG"]
[SourceTitle "CBM 132 Extra"]
[Source "ChessBase"]
[SourceDate "2009.11.03"]
[SourceVersion "1"]
[SourceVersionDate "2009.11.03"]
[SourceQuality "1"]

1. d4 d5 2. Nf3 Nf6 3. c4 e6 4. Nc3 Be7 5. Bg5 0-0 6. e3 h6 7. Bh4 Ne4 8. Bxe7 Qxe7 9. Rc1 Nxc3 10. Rxc3 c6 11. Be2 dxc4 12. Bxc4 Nd7 13. 0-0 e5 14. Re1 e4 15. Nd2 Nb6 16. a3 Nxc4 17. Nxc4 Be6 18. Ne5 Rfd8 19. f3 exf3 20. Qxf3 Rd5 21. Rf1 f6 22. Ng6 Qf7 23. Nf4 Rb5 24. Rf2 Rd8 25. h3 a5 26. Rfc2 a4 27. Rc5 Rxc5 28. Rxc5 Bd5 29. Qg4 Qe7 30. Kf2 Qe4 31. Nxd5 cxd5 32. Qxe4 dxe4 33. Rc7 Rb8 34. Kg3 b5 35. Kf4 b4 36. Rc4 bxa3 37. bxa3 Rb2 38. g3 Rf2+ 39. Kxe4 f5+ 40. Ke5 Rf3 41. Rc3 Rxg3 42. Kxf5 Kf7 43. Rc7+ Kf8 44. Kf4 Rg1 45. Ra7 g5+ 46. Kf3 Rh1 47. Rxa4 Rxh3+ 48. Kf2 h5 49. Rb4 g4 50. Rb1 h4 51. Rg1 Rh2+ 52. Rg2 g3+ 53. Kf1 Rxg2 54. Kxg2 Kf7 55. a4 Kg6 56. a5 Kh5 57. Kh3 1-0

[Event "Paracin op"]
[Site "Paracin"]
[Date "2009.08.19"]
[Round "1"]
[White "Markovic, Marko"]
[Black "Blazeka, Djuro"]
[Result "1-0"]
[WhiteElo "2312"]
[BlackElo "1928"]
[PlyCount "89"]
[EventDate "2009.08.19"]
[EventType "swiss"]
[EventRounds "9"]
[EventCountry "YUG"]
[SourceTitle "CBM 132 Extra"]
[Source "ChessBase"]
[SourceDate "2009.11.03"]
[SourceVersion "1"]
[SourceVersionDate "2009.11.03"]
[SourceQuality "1"]

1. e4 e5 2. d4 exd4 3. Qxd4 Nc6 4. Qe3 Bb4+ 5. c3 Ba5 6. Qg3 Qe7 7. Qxg7 Qxe4+ 8. Be2 Qe5 9. Qg3 Qxg3 10. hxg3 d6 11. Bd3 f5 12. Bg5 Nge7 13. Nf3 Bd7 14. Bh6 0-0-0 15. Nbd2 Ng6 16. Kf1 Nce5 17. Be2 Nxf3 18. Nxf3 Bc6 19. Nd4 Rde8 20. Nxc6 bxc6 21. Rh5 Re6 22. Bd3 Ne7 23. Re1 Rxe1+ 24. Kxe1 Re8 25. Kf1 Kb7 26. g4 Bb6 27. gxf5 Nd5 28. g3 Nf6 29. Rg5 d5 30. Bg7 Ne4 31. Bxe4 dxe4 32. f6 e3 33. fxe3 Rxe3 34. Rf5 Rxg3 35. f7 Bc5 36. f8Q Bxf8 37. Bxf8 Rh3 38. Ke2 Rh1 39. Rf1 Rh2+ 40. Rf2 Rh1 41. Bc5 Ka6 42. Bd4 Ra1 43. a3 Rb1 44. Kd3 Rh1 45. Be5 1-0

[Event "Zagreb op-B"]
[Site "Zagreb"]
[Date "2008.05.12"]
[Round "1"]
[White "Jakupec, Denis"]
[Black "Blazeka, Djuro"]
[Result "1-0"]
[WhiteElo "2179"]
[BlackElo "1930"]
[PlyCount "81"]
[EventDate "2008.05.12"]
[EventType "swiss"]
[EventRounds "9"]
[EventCountry "CRO"]
[SourceTitle "CBM 124 Extra"]
[Source "ChessBase"]
[SourceDate "2008.07.03"]
[SourceVersion "1"]
[SourceVersionDate "2008.07.03"]
[SourceQuality "1"]

1. d4 d5 2. c4 e6 3. Nf3 Nf6 4. Nc3 Be7 5. Bf4 0-0 6. e3 Nh5 7. Qc2 Nxf4 8. exf4 b6 9. Bd3 h6 10. Rd1 Bb7 11. cxd5 Bxd5 12. Nxd5 exd5 13. 0-0 Nd7 14. Ne5 Nxe5 15. dxe5 c5 16. Be4 Qc7 17. Bxd5 Rad8 18. Qc4 Qb8 19. a4 g6 20. Rfe1 Kg7 21. Rd3 Rd7 22. Rg3 Qd8 23. Rd1 a6 24. f5 Bg5 25. f6+ Kh7 26. Rgd3 Re8 27. f4 b5 28. Qe4 Bxf6 29. Bxf7 Rxf7 30. Rxd8 Bxd8 31. e6 Rfe7 32. f5 gxf5 33. Qxf5+ Kg7 34. Rd7 c4 35. Qe5+ Kg6 36. g4 Rxd7 37. Qh5+ Kg7 38. Qxe8 Re7 39. Qxd8 Rxe6 40. axb5 axb5 41. Qd7+ 1-0

[Event "Velika Gorica op 7th"]
[Site "Velika Gorica"]
[Date "2007.08.25"]
[Round "9"]
[White "Blazeka, Djuro"]
[Black "Hibner, Branko"]
[Result "0-1"]
[WhiteElo "1888"]
[BlackElo "2105"]
[PlyCount "120"]
[EventDate "2007.08.18"]
[EventType "swiss"]
[EventRounds "9"]
[EventCountry "CRO"]
[SourceTitle "CBM 120 Extra"]
[Source "ChessBase"]
[SourceDate "2007.11.01"]
[SourceVersion "1"]
[SourceVersionDate "2007.11.01"]
[SourceQuality "1"]

1. e4 c6 2. d4 d5 3. Nc3 g6 4. exd5 cxd5 5. Nf3 Nf6 6. Bb5+ Bd7 7. Bxd7+ Nbxd7 8. Ne5 Bg7 9. Qf3 0-0 10. 0-0 e6 11. Nxd7 Nxd7 12. Ne2 b5 13. Bd2 a5 14. b4 a4 15. a3 Nb6 16. c3 Rc8 17. Bf4 Nc4 18. Rfd1 Qf6 19. Qg3 h6 20. Bd6 Rfd8 21. Bc5 Qf5 22. Qd3 Qg4 23. h3 Qg5 24. Qg3 Qf5 25. Qd3 Qf6 26. Qg3 Qf5 27. Qd3 Qh5 28. g4 Qh4 29. Qg3 Qxg3+ 30. Nxg3 e5 31. Ne2 e4 32. Ng3 Rd7 33. Nf1 Nb2 34. Rd2 Nd3 35. Ne3 Nf4 36. Kh2 Ne6 37. Kg3 Bf8 38. h4 f5 39. gxf5 gxf5 40. Nxf5 Rf7 41. Bxf8 Rxc3+ 42. Kh2 Rxf5 43. Bxh6 Rh5 44. Be3 Rxh4+ 45. Kg2 Kf7 46. Rdd1 Rg4+ 47. Kf1 Rg8 48. Ke2 Rgc8 49. Ra2 Ng7 50. Bd2 R3c4 51. Be3 Nf5 52. Rdd2 Rc3 53. Rdb2 Ke6 54. Rd2 R8c4 55. Ra1 Rb3 56. Raa2 Nd6 57. Rdb2 Rxb2+ 58. Rxb2 Rc3 59. Ra2 Nc4 60. Bd2 Rd3 0-1